00354nam a2200145Ia 45000030006000000080041000060400015000471000016000622450047000782500006001252600042001313000006001735460012001790050017001910STCL150530s9999 xx 000 0 und d aSTCLcSTCL aGibbs, M.A. 2aA Practical Guide to Developmental Biology a1 bOxford University Press ; Delhic2006 a0 aEnglish20220125170422.0